Guess the Language #3 - Statistics

General Stats
  • This quiz has been taken 61 times
  • The average score is 6 of 15
Answer Stats
'Sorry' Languages % Correct
معذرة Arabic
94%
不好意思 Chinese
89%
סליחה Hebrew
78%
Tut mir Leid German
56%
Przepraszam Polish
54%
வருந்துகிறேன் Tamil
52%
Jammer Afrikaans
43%
Afsakið Icelandic
33%
Më vjen keq Albanian
31%
Faamalie atu Samoan
20%
Извини Macedonian
19%
Izvini Bosnian
11%
Bagyşlaň Turkmen
9%
متاسف Dari
6%
Samahani Swahili
6%
No matching quizzes found
Score Distribution
Percent of People with Each Score
Percentile by Number Answered
Your Score History
You have not taken this quiz